00000000nam##2200000za#4500
0019.663881
003CaOODSP
00520210615121255
007ta
008150407|2002||||xxc|||||     f|0| 0 eng|d
020 |a0-662-66631-3
040 |aCaOODSP|beng
041 |aeng
041 |afre
043 |an-cn---
0861 |aMR21-34/2002
1102 |aCanadian Institutes of Health Research.
24510|aIt's time for research on aging : |bstrategic and action plan
260 |aOttawa - Ontario : |bCanadian Institutes of Health Research |c2002.
300 |aEnglish text, 30p. : |bcoloured figs., illus. ; |c30 cm.
563 |aSoftcover
590 |a02-35|b2002-08-23
69007|aAging|2gcpds
69007|aHealth|2gcpds
69007|aStrategies|2gcpds
7760#|tC'est l'heure de la recherche sur le vieillissement! : |w(CaOODSP)9.640508
7760#|tIt's time for research on aging! : |w(CaOODSP)9.696392
792 |tC'est l'heure de la recherche sur le vieillissement : |efre|w(CaOODSP)9.663882